MDQL
is popping MORE tags! Check the
thread
!
Quizzes
Events
Quiz Creation
Community
Videos
Private Events
Remove Ads
Sign In
Join for FREE
Feedback
Dark Mode
Quiz Categories
Sports
Geography
Music
Movies
Television
Just For Fun
Miscellaneous
History
Literature
Language
Science
Gaming
Entertainment
Religion
Holiday
For Kids
Quiz Lab
Recent
Popular Today
Quiz Kudos Today
Editor Picks
Curator Picks
Quizzes by...
Day
Popularity
Type
Ratings
Length
Year
Community
Subscriptions
Recent Discussions
Orange Saloon
Badges
Playlists
Quests
Create
Leaderboards
Showdown
Live 5
Trivia Bingo
Activity
Puzzle Library
Sporcle Events
Private Events
Virtual Trivia
Globe League
Become a Host
Pub Owners
SporcleCon
Opinionation
Our Games
Videos
Blog
Mobile Apps
Partnerships
Remove Ads and Go Orange
Feedback
Sports
Athletes
MLB
NBA
NHL
NFL
Soccer
Sports Teams
WWE
NCAA
Football
Premier League
Basketball
Baseball
Hockey
Golf
Tennis
Cricket
Rugby
Auto Racing
Olympics
World Cup
Sports
Athletes
MLB
NBA
NHL
NFL
Soccer
Sports Teams
WWE
NCAA
Football
Premier League
Basketball
Baseball
Hockey
Golf
Tennis
Cricket
Rugby
Auto Racing
Olympics
World Cup
Random Quiz
Search Sporcle
×
Quiz Lab
Quiz Lab
Sports
Basketball
Type in answers that appear in a list
Type in answers that appear in a list
Classic
Best Score? Go Orange.
Every Dallas Mavs Playoff participant of the 2000's Stats
Can you name every player to play a playoff game for the Mavs from 2000-2009?
By
narb13
10m
50 Questions
148 Plays
148 Plays
148 Plays
Comments
Comments
Give Quiz Kudos
Give Quiz Kudos
-
- Ratings
hide this ad
Replay
Link that replays current quiz
Next Quiz
Link to next quiz in quiz playlist
You Got
0%
They Got
Avg Score
38%
Avg Friend Score
Upgrade to see
Score Distribution
Jump to the score distribution portion of the page
Score
0/50
Timer
10:00
0
Plays Today
Year(s)
Answer
% Correct
2009, 2008, 2007, 2006, 2005, 2004, 2003, 2002, 2001
Dirk Nowitzki
99.3%
2009, 2008, 2007, 2006, 2005
Jason Terry
92.6%
2004, 2003, 2002, 2001
Steve Nash
91.2%
2009, 2008
Jason Kidd
87.8%
2005, 2004, 2003, 2002, 2001
Michael Finley
83.8%
2009, 2008, 2007, 2006, 2005, 2004
Josh Howard
77.7%
2008, 2001
Juwan Howard
77%
2007, 2006, 2005
Devin Harris
72.3%
2009, 2008, 2007, 2006, 2005
Erick Dampier
68.9%
2009, 2008, 2007
Jose Barea
62.8%
2005, 2004, 2003, 2002, 2001
Shawn Bradley
62.8%
2008
Eddie Jones
60.1%
2008, 2007, 2006, 2005
Jerry Stackhouse
57.4%
2004
Scott Williams
57.4%
2003
Walt Williams
57.4%
2003, 2002
Nick Van Exel
56.8%
2004
Antoine Walker
54.7%
2004
Antawn Jamison
54.1%
2007, 2006
DeSagana Diop
48.6%
2006, 2005, 2004
Marquis Daniels
45.9%
2004, 2003, 2002, 2001
Eduardo Najera
44.6%
2003, 2002
Raef LaFrentz
43.9%
2009
Gerald Green
42.6%
2006, 2003, 2002
Adrian Griffin
33.1%
2009, 2008
Antoine Wright
32.4%
Year(s)
Answer
% Correct
2006, 2005
Keith Van Horn
31.8%
2008, 2007
Devean George
25.7%
2003
Raja Bell
22.3%
2008
Malik Allen
20.9%
2006, 2005
Darrell Armstrong
18.2%
2006
Didier Ilunga-Mbenga
17.6%
2007, 2002, 2001
Greg Buckner
16.9%
2002, 2001
Wang Zhizhi
16.2%
2003
Tariq Abdul-Wahad
15.5%
2009, 2008
Brandon Bass
14.9%
2007
Austin Croshere
14.9%
2005
Alan Henderson
14.9%
2006
Josh Powell
14.2%
2003, 2002
Evan Eschmeyer
14.2%
2004
Tony Delk
12.2%
2001
Howard Eisley
12.2%
2001
Calvin Booth
11.5%
2007
Maurice Ager
9.5%
2009
Matt Carroll
8.8%
2009
Ryan Hollins
7.4%
2001
Mark Bryant
7.4%
2001
Vernon Maxwell
6.8%
2008
Tyronn Lue
6.1%
2002
Johnny Newman
6.1%
2008, 2007, 2006
James Singleton
4.1%
Quiz Playlist
Details
Report
Send in Message
Add To Playlist
Classic:
Type in answers that appear in a list
Quiz Source
Last Updated: Feb 16, 2017
Quiz Scoreboard
CHALLENGE
Sign Up to Join the Scoreboard
Show All
Scores
Hide
Comments
May contain spoilers
Recently Published
Find the 'City' Movie
by crazypaving
Movies
60s
5x2 Blitz: Bands
by SL_Kpop136
Music
30s
Colored Red Africa Blitz
by spor1
Geography
30s
More to Explore
Quiz From the Vault
Featured Blog Post
14 Easter Pick-up Lines to Find Eggs With
hide this ad
You Might Also Like...
Tags
Basketball Quiz
NBA Quiz
2000s
Dallas Mavericks
NBA Playoffs
Playoff
Playoff Appearances
Playoff Roster
postseason
Postseason Roster
Postseason Rosters
Today's Top Quizzes in Sports
Browse Sports
hide this ad
Today's Top Quizzes in Basketball
Browse Basketball
Top Contributed Quizzes in Sports
1
Players with Multiple 50 Home Run Seasons
2
Who Needs Fielders?
3
Criteria MLB: Left Handed Sluggers
4
MLB Players with Two .350 Batting Average Seasons
5
Who Hit More Homers?
6
2020 F1 Drivers Logic Puzzle
7
NBA Teammate Connections
8
Premier League Clubs since 2000 (minefield)
9
MLB Teams by First Game
10
Top 10 NHL Goal Scorers of All Time
Explore More
Trending Topics
Marvel
NBA
Anime
Crossword
Kpop
Disney
Harry Potter
Soccer
Song
Country
The Office
Pokémon
Puzzle
NFL
WWE
hide this ad
More By:
narb13
Quiz
Plays
Rating
Category
Featured
Created
Last 5 Playoff QBs for Each NFL Team
92,238
4.82
Sports
Jan 10, 2016
NBA Most Playoff Blocks (1990s)
33,544
4.59
Sports
May 12, 2015
MLB Runs Scored Leaders by Team (Season)
18,488
4.24
Sports
Mar 16, 2015
MLB - Last 10 Hall of Famers to play for each team
13,589
4.92
Sports
Oct 8, 2015
MLB - Last 10 MVP's to play for each team
12,541
4.84
Sports
Oct 10, 2015
Go to Creator's Profile
Score Distribution
Quiz Creator Spotlight
narb13
Follow
Send a Message
Quizzes Created
-
Created Quiz Play Count
-
More By This Creator
Popular Quizzes Today
1
Find the 'City' Movie
2
5x2 Blitz: Bands
3
Colored Red Africa Blitz
4
Find the US States - No Outlines Minefield
5
The Countries of the World
6
Find the US States
7
9x9 Crossword: Cartoon Network
8
US States
More Sports Quizzes
2009 European Champions - Barcelona
Curator's Pick
Trending Quizzes
Colored Red Africa Blitz II
Colored Red Europe Blitz I
Colored Red Africa Blitz III
Colored Red Europe Blitz II
Colored Red Europe Blitz III
Recently Updated
Champions League XIs: Real Madrid
pecheneg
Largest US Cities 1790-2010
pecheneg
Rides in Walt Disney World
pecheneg
Most Oscar Losses (Acting)
pecheneg
Beyoncé Albums
pecheneg
Leaping Animals
pecheneg
Reality TV Shows (A-Z)
bhenderson79
Rickey Henderson's Hall of Fame Teammates
pecheneg
Champions League XIs: Arsenal
pecheneg
Quick Pick: Celebrities in WWE's Hall of Fame
aduchscher
Trending Topics
Disney
Crossword
NBA
Marvel
Harry Potter
Kpop
Anime
Soccer
Pokémon
The Office
Country
NFL
Puzzle
WWE
Song
Your Account Isn't Verified!
In order to create a playlist on Sporcle, you need to verify the email address you used during registration. Go to your
Sporcle Settings
to finish the process.
Report this User
Report this user for behavior that violates our
Community Guidelines
.
Details:
Send Report
Go to the Sporcle.com Mobile Site →
Comments